000 00469nam a22001697a 4500
005 20251108164117.0
008 250721s1992 xx 000 0 ara d
082 1 4 _a210/عبد
100 1 _aعبد القدوس، محمد
245 1 0 _aالإسلام في حياتنا /
264 1 _aالقاهرة :
_bمكتبة مصر،
_c1992.
300 _a240 ص
650 1 7 _aالإسلام
650 1 7 _aالدعوة الإسلامية
942 _2ddc
_cBK
999 _c3875
_d3875